The end of faith : religion, terror, and the future of reason /

Main Author: Harris, Sam, 1967-
Language: English
Published: New York ; W.W. Norton & Company, [2004]
Physical Description: 348 stran ; 21 cm
Book
Saved in:
LEADER 01559nam a2200445 i 4500
001 001564606
003 CZ BrMZK
005 20170308083210.0
007 ta
008 170215t20042004xxu f 001 0 eng
020 |a 0-393-32765-5  |q (brožováno) 
040 |a BOA001  |b cze  |e rda 
044 |a xxu  |a xxk 
072 7 |a 2  |x Náboženství  |2 Konspekt  |9 5 
080 |a 2-67  |2 MRF 
080 |a 2-285.4  |2 MRF 
080 |a 327.8:323.28  |2 MRF 
080 |a 2-1  |2 MRF 
080 |a 159.98:2  |2 MRF 
080 |a 2-13:[17.023.5+316.776.33]  |2 MRF 
080 |a (048.8)  |2 MRF 
100 1 |a Harris, Sam,  |d 1967-  |7 jx20100630004  |4 aut 
245 1 4 |a The end of faith :  |b religion, terror, and the future of reason /  |c Sam Harris 
264 1 |a New York ;  |a London :  |b W.W. Norton & Company,  |c [2004] 
264 4 |c ©2004 
300 |a 348 stran ;  |c 21 cm 
336 |a text  |b txt  |2 rdacontent 
337 |a bez média  |b n  |2 rdamedia 
338 |a svazek  |b nc  |2 rdacarrier 
504 |a Obsahuje bibliografii a rejstřík 
650 0 7 |a náboženství a společnost  |7 ph138511  |2 czenas 
650 0 7 |a náboženské polemiky  |7 ph180961  |2 czenas 
650 0 7 |a mezinárodní terorismus  |7 ph138082  |x náboženské aspekty  |2 czenas 
650 0 7 |a psychologie náboženství  |7 ph115950  |2 czenas 
650 0 7 |a sekulární náboženství  |7 ph897763  |2 czenas 
655 7 |a monografie  |7 fd132842  |2 czenas 
910 |a BOA001  |b 2-1382.582 
990 |a BK 
991 |b 201703  |c NOV 
996 7 |b 2610697764  |c 2-1382.582  |l Americká knihovna/3.patro  |r ZHR  |n 7  |p dar  |h 2 HAR  |w 001600304  |u 000010  |a 0  |e BOA001  |j MZK50  |s A